000 01079nam a22003377a 4500
001 BR0103306
003 BR-BrBNA
005 20230928100917.0
007 ta
008 230509b bl.||||| |||| 00| 0 por d
040 _aBR-BrBNA
_bpor
_cBiblioteca Nacional de Agricultura
041 _a(Por)
072 _aH20; P34
_b3240
090 _ 3240 BR0103306
100 1 _aTremacoldi, C.R.
110 1 _aEscola Superior de Agricultura Luiz de Queiroz, Piracicaba, SP (Brasil)
_0Tese (Doutor em Agronomia)
245 1 _aInibidor de tripsina em Eucalyptus urophylla e seu efeito sobre o crescimento micelial in vitro de Pisolithus tinctorius e Rhizoctonia solani
260 3 _aPiracicaba, SP (Brasil):
_c2002.
300 _a83 p.
500 _aSummaries (Eng, Por); Bibliography p. 64-80; 17 illus.
650 _aEucalipto
650 _aQueima da Saia
650 _aFungo
650 _aCultura in Vitro
650 _aTripsina
650 _aInibidor de Proteina
650 _aMicorriza
650 _aMicelio
909 _a202309
_bLucia
_c55
_dLucia Elande
942 _cBK
999 _c63359
_d63359